Missing Word: Supernatural Movies Quiz Stats

 Plays Quiz not verified by Sporcle

Score 0/20 Timer 04:00
2 Plays Today
Hint Supernatural Film % Correct
The _________ SenseSixth
97.2%
Paranormal ___________Activity
89.7%
Jeepers ____________Creepers
88.8%
__________ Lies BeneathWhat
88.3%
Drag ___ To HellMe
85.9%
________ Look NowDon't
84.2%
Jacob's _____________Ladder
75.2%
_________ ShipGhost
73.9%
_______ OmenThe
71.8%
Final _______________Destination
71.8%
Hint Supernatural Film % Correct
The Skeleton ______Key
61.7%
Stir _____ EchoesOf
43.3%
Thirteen ________Ghosts
41.5%
Lady in __________White
37.7%
________ SilenceDead
37.5%
Darkness __________Falls
37.1%
One ___________ CallMissed
26.7%
In The Mouth of ____________Madness
25.9%
Dark _________Water
22.3%
The Devil's ___________Backbone
17.3%

You're not logged in!

Compare scores with friends on all Sporcle quizzes.
OR
Log In

Show Comments

Extras

Top Quizzes Today


Score Distribution

Your Account Isn't Verified!

In order to create a playlist on Sporcle, you need to verify the email address you used during registration. Go to your Sporcle Settings to finish the process.

Report this User

Report this user for behavior that violates our Community Guidelines.

Details: